[Event "U14 Polish Youth Championship"]
[Site "chess24.com"]
[Date "2018.05.03"]
[Round "6"]
[White "Oleksy, Krzysztof"]
[Black "Niedbala, Bartlomiej"]
[Result "0-1"]
[Board "8"]
[WhiteElo "1746"]
[WhiteCountry "POL"]
[WhiteFideId "1194879"]
[WhiteEloChange "-5"]
[BlackElo "1956"]
[BlackCountry "POL"]
[BlackFideId "21834008"]
[BlackEloChange "5"]

1. d4 {[%clk 1:30:57]} Nf6 {[%clk 1:30:38]} 2. Nc3 {[%clk 1:31:21]} c5 {[%clk
1:30:53]} 3. d5 {[%clk 1:31:45]} e5 {[%clk 1:31:19]} 4. e4 {[%clk 1:31:15]} d6
{[%clk 1:30:38]} 5. Be2 {[%clk 1:29:01]} g6 {[%clk 1:30:23]} 6. h4 {[%clk
1:25:36]} h5 {[%clk 1:29:51]} 7. Bg5 {[%clk 1:21:52]} Bg7 {[%clk 1:30:02]} 8. Nf3
{[%clk 1:10:11]} O-O {[%clk 1:29:10]} 9. Nd2 {[%clk 1:09:48]} Na6 {[%clk
1:24:01]} 10. g4 {[%clk 0:53:59]} Bxg4 {[%clk 1:18:30]} 11. Bxg4 {[%clk 0:54:03]}
hxg4 {[%clk 1:18:59]} 12. h5 {[%clk 0:45:47]} Qd7 {[%clk 1:18:42]} 13. Bxf6
{[%clk 0:31:57]} Bxf6 {[%clk 1:18:55]} 14. Qe2 {[%clk 0:30:50]} Kg7 {[%clk
1:17:19]} 15. O-O-O {[%clk 0:27:43]} Rh8 {[%clk 1:14:01]} 16. Rdg1 {[%clk
0:26:41]} Rab8 {[%clk 1:09:06]} 17. Rxg4 {[%clk 0:22:24]} b5 {[%clk 1:09:28]} 18.
Rhg1 {[%clk 0:22:11]} Rxh5 {[%clk 1:04:11]} 19. Rxg6+ {[%clk 0:21:57]} fxg6
{[%clk 1:04:34]} 20. Qxh5 {[%clk 0:22:22]} Qf7 {[%clk 1:04:46]} 21. Nf1 {[%clk
0:16:46]} b4 {[%clk 0:57:06]} 22. Nd1 {[%clk 0:14:43]} Rh8 {[%clk 0:57:09]} 23.
Qe2 {[%clk 0:14:45]} Nc7 {[%clk 0:56:29]} 24. Nfe3 {[%clk 0:15:05]} Kf8 {[%clk
0:56:15]} 25. Nc4 {[%clk 0:14:48]} Nb5 {[%clk 0:52:30]} 26. c3 {[%clk 0:12:10]}
a6 {[%clk 0:50:11]} 27. Qg4 {[%clk 0:11:11]} Ke7 {[%clk 0:47:54]} 28. Na5 {[%clk
0:08:13]} bxc3 {[%clk 0:46:08]} 29. Nc6+ {[%clk 0:08:31]} Kf8 {[%clk 0:46:24]}
30. bxc3 {[%clk 0:08:57]} Rh4 {[%clk 0:45:17]} 31. Qc8+ {[%clk 0:06:08]} Kg7
{[%clk 0:45:33]} 32. Qxa6 {[%clk 0:06:28]} Nc7 {[%clk 0:44:58]} 33. Qd3 {[%clk
0:06:30]} c4 {[%clk 0:42:07]} 34. Qc2 {[%clk 0:03:00]} Rh2 {[%clk 0:40:04]} 35.
a4 {[%clk 0:02:00]} Bh4 {[%clk 0:39:57]} 36. Rf1 {[%clk 0:02:19]} Na6 {[%clk
0:39:43]} 37. Qe2 {[%clk 0:01:10]} Nc5 {[%clk 0:38:53]} 38. Qxc4 {[%clk 0:01:02]}
Qf4+ {[%clk 0:38:55]} 39. Kc2 {[%clk 0:00:42]} Bg5 {[%clk 0:39:18]} 40. Nb2
{[%clk 0:00:32]} Rxf2+ {[%clk 0:39:42]} 41. Rxf2 {[%clk 0:00:42]} Qc1# {[%clk
0:40:06]} 0-1

[Event "U14 Polish Youth Championship"]
[Site "chess24.com"]
[Date "2018.05.03"]
[Round "6"]
[White "Redzisz, Michal"]
[Black "Czechowski, Jakub"]
[Result "1/2-1/2"]
[Board "9"]
[WhiteElo "1950"]
[WhiteCountry "POL"]
[WhiteFideId "21816107"]
[WhiteEloChange "-5"]
[BlackElo "1770"]
[BlackCountry "POL"]
[BlackFideId "21820511"]
[BlackEloChange "5"]

1. e4 {[%clk 1:30:59]} e5 {[%clk 1:30:58]} 2. Nf3 {[%clk 1:31:23]} Nc6 {[%clk
1:31:27]} 3. Bb5 {[%clk 1:31:50]} a6 {[%clk 1:31:51]} 4. Ba4 {[%clk 1:32:18]} Nf6
{[%clk 1:32:17]} 5. O-O {[%clk 1:32:45]} Be7 {[%clk 1:32:32]} 6. Re1 {[%clk
1:32:43]} b5 {[%clk 1:32:56]} 7. Bb3 {[%clk 1:33:11]} O-O {[%clk 1:33:20]} 8. c3
{[%clk 1:25:03]} d6 {[%clk 1:32:57]} 9. h3 {[%clk 1:24:02]} Na5 {[%clk 1:33:21]}
10. Bc2 {[%clk 1:24:12]} c5 {[%clk 1:33:48]} 11. d3 {[%clk 1:24:24]} Re8 {[%clk
1:34:03]} 12. Nbd2 {[%clk 1:23:53]} Bf8 {[%clk 1:34:22]} 13. Nf1 {[%clk 1:20:21]}
Nc6 {[%clk 1:32:56]} 14. a4 {[%clk 1:18:52]} Bb7 {[%clk 1:31:03]} 15. Qe2 {[%clk
1:16:36]} Rb8 {[%clk 1:24:48]} 16. N3h2 {[%clk 1:14:15]} d5 {[%clk 1:24:30]} 17.
Ng4 {[%clk 1:13:57]} Nxg4 {[%clk 1:13:03]} 18. hxg4 {[%clk 1:14:06]} d4 {[%clk
1:12:36]} 19. Ng3 {[%clk 1:10:11]} dxc3 {[%clk 1:11:20]} 20. bxc3 {[%clk
1:10:34]} b4 {[%clk 1:11:47]} 21. Bb2 {[%clk 1:07:01]} bxc3 {[%clk 1:11:03]} 22.
Bxc3 {[%clk 1:07:26]} Nd4 {[%clk 1:11:29]} 23. Bxd4 {[%clk 1:06:13]} cxd4 {[%clk
1:11:45]} 24. Bb3 {[%clk 0:58:48]} Bc8 {[%clk 1:08:54]} 25. Qa2 {[%clk 0:56:31]}
Be6 {[%clk 1:06:20]} 26. Bxe6 {[%clk 0:54:03]} Rxe6 {[%clk 1:06:44]} 27. Nf1
{[%clk 0:50:21]} Reb6 {[%clk 1:01:17]} 28. Reb1 {[%clk 0:47:41]} Bb4 {[%clk
1:00:41]} 29. Rb3 {[%clk 0:46:51]} a5 {[%clk 0:59:27]} 30. Rab1 {[%clk 0:45:17]}
Rc8 {[%clk 0:53:09]} 31. Nd2 {[%clk 0:44:11]} Rbc6 {[%clk 0:46:40]} 32. Nc4
{[%clk 0:44:07]} Qh4 {[%clk 0:41:51]} 33. Qe2 {[%clk 0:40:24]} Rh6 {[%clk
0:40:04]} 34. f3 {[%clk 0:39:54]} Be7 {[%clk 0:38:52]} 35. Rb8 {[%clk 0:38:33]}
Qh2+ {[%clk 0:30:59]} 36. Kf1 {[%clk 0:38:58]} Qh1+ {[%clk 0:26:15]} 37. Kf2
{[%clk 0:39:22]} Bh4+ {[%clk 0:25:45]} 38. g3 {[%clk 0:39:48]} Bxg3+ {[%clk
0:25:28]} 39. Kxg3 {[%clk 0:40:14]} Rh3+ {[%clk 0:24:35]} 40. Kf2 {[%clk
0:40:28]} 1/2-1/2

[Event "U14 Polish Youth Championship"]
[Site "chess24.com"]
[Date "2018.05.03"]
[Round "6"]
[White "Szydlo, Michal"]
[Black "Grzesik, Gracjan"]
[Result "1/2-1/2"]
[Board "10"]
[WhiteElo "1673"]
[WhiteCountry "POL"]
[WhiteFideId "21810540"]
[WhiteEloChange "5"]
[BlackElo "1884"]
[BlackCountry "POL"]
[BlackFideId "1194593"]
[BlackEloChange "-5"]

1. e4 {[%clk 1:31:00]} c5 {[%clk 1:30:57]} 2. Nf3 {[%clk 1:31:26]} d6 {[%clk
1:31:25]} 3. d4 {[%clk 1:31:45]} cxd4 {[%clk 1:31:51]} 4. Nxd4 {[%clk 1:32:08]}
Nf6 {[%clk 1:32:17]} 5. Nc3 {[%clk 1:32:24]} a6 {[%clk 1:32:43]} 6. Bg5 {[%clk
1:32:28]} e6 {[%clk 1:33:05]} 7. f4 {[%clk 1:32:39]} Qc7 {[%clk 1:33:08]} 8. Qf3
{[%clk 1:32:07]} Nbd7 {[%clk 1:32:28]} 9. O-O-O {[%clk 1:27:44]} b5 {[%clk
1:30:51]} 10. a3 {[%clk 1:21:50]} Bb7 {[%clk 1:29:55]} 11. g4 {[%clk 1:20:28]}
Be7 {[%clk 1:28:49]} 12. Bxf6 {[%clk 1:20:01]} Nxf6 {[%clk 1:29:08]} 13. g5
{[%clk 1:20:23]} Nd7 {[%clk 1:29:18]} 14. h4 {[%clk 1:13:56]} O-O-O {[%clk
1:16:18]} 15. Kb1 {[%clk 1:05:37]} Kb8 {[%clk 1:14:10]} 16. Rh2 {[%clk 1:02:41]}
Rc8 {[%clk 1:08:25]} 17. Rhd2 {[%clk 1:02:16]} Rhd8 {[%clk 1:03:51]} 18. h5
{[%clk 1:00:46]} g6 {[%clk 1:01:50]} 19. hxg6 {[%clk 0:51:15]} hxg6 {[%clk
1:02:14]} 20. Bxb5 {[%clk 0:49:15]} axb5 {[%clk 0:59:20]} 21. Ndxb5 {[%clk
0:49:23]} Qb6 {[%clk 0:50:28]} 22. Nxd6 {[%clk 0:48:36]} Bxd6 {[%clk 0:39:12]}
23. Rxd6 {[%clk 0:49:00]} Qc7 {[%clk 0:38:29]} 24. Qf2 {[%clk 0:44:23]} e5 {[%clk
0:28:34]} 25. fxe5 {[%clk 0:38:33]} Nxe5 {[%clk 0:19:05]} 26. Nb5 {[%clk
0:37:28]} Qa5 {[%clk 0:17:56]} 27. Rxd8 {[%clk 0:35:53]} Rxd8 {[%clk 0:15:16]}
28. Rxd8+ {[%clk 0:35:46]} Qxd8 {[%clk 0:15:40]} 29. Qa7+ {[%clk 0:34:59]} Kc8
{[%clk 0:16:05]} 30. Qc5+ {[%clk 0:35:06]} Nc6 {[%clk 0:16:13]} 31. Nd6+ {[%clk
0:31:53]} Kc7 {[%clk 0:14:08]} 32. Nxf7 {[%clk 0:30:20]} Qd1+ {[%clk 0:07:49]}
33. Ka2 {[%clk 0:30:46]} Qd7 {[%clk 0:08:00]} 34. Ne5 {[%clk 0:22:38]} 1/2-1/2

[Event "U14 Polish Youth Championship"]
[Site "chess24.com"]
[Date "2018.05.03"]
[Round "6"]
[White "Bachor, Tomasz"]
[Black "Majewski, Krzysztof"]
[Result "1/2-1/2"]
[Board "11"]
[WhiteElo "1953"]
[WhiteCountry "POL"]
[WhiteFideId "21814694"]
[WhiteEloChange "-8"]
[BlackElo "1555"]
[BlackCountry "POL"]
[BlackFideId "21800456"]
[BlackEloChange "8"]

1. e4 {[%clk 1:30:53]} e6 {[%clk 1:30:51]} 2. d4 {[%clk 1:31:13]} d5 {[%clk
1:31:17]} 3. Nd2 {[%clk 1:31:20]} dxe4 {[%clk 1:31:40]} 4. Nxe4 {[%clk 1:31:42]}
Nd7 {[%clk 1:32:09]} 5. Bd3 {[%clk 1:31:28]} Ngf6 {[%clk 1:32:31]} 6. Qe2 {[%clk
1:31:20]} Nxe4 {[%clk 1:32:42]} 7. Bxe4 {[%clk 1:31:44]} Nf6 {[%clk 1:33:08]} 8.
Bxb7 {[%clk 1:29:53]} Bxb7 {[%clk 1:32:12]} 9. Qb5+ {[%clk 1:30:13]} Qd7 {[%clk
1:32:25]} 10. Qxb7 {[%clk 1:30:36]} Rd8 {[%clk 1:32:37]} 11. Nf3 {[%clk 1:27:59]}
c5 {[%clk 1:32:18]} 12. Qxd7+ {[%clk 1:26:35]} Rxd7 {[%clk 1:32:38]} 13. Be3
{[%clk 1:24:37]} Nd5 {[%clk 1:31:31]} 14. O-O {[%clk 1:21:06]} Be7 {[%clk
1:31:24]} 15. Rfd1 {[%clk 1:17:58]} c4 {[%clk 1:30:47]} 16. c3 {[%clk 1:06:55]}
O-O {[%clk 1:30:17]} 17. Nd2 {[%clk 0:53:52]} Rc7 {[%clk 1:29:26]} 18. Rab1
{[%clk 0:48:20]} Rb8 {[%clk 1:29:30]} 19. Rdc1 {[%clk 0:46:41]} f5 {[%clk
1:27:53]} 20. g3 {[%clk 0:44:36]} g5 {[%clk 1:27:01]} 21. Nf3 {[%clk 0:42:36]}
Nxe3 {[%clk 1:22:27]} 22. fxe3 {[%clk 0:42:59]} Rcb7 {[%clk 1:22:52]} 23. Rc2
{[%clk 0:37:47]} Ba3 {[%clk 1:21:57]} 24. Nxg5 {[%clk 0:35:20]} Rxb2 {[%clk
1:22:17]} 25. Rbxb2 {[%clk 0:35:14]} Rxb2 {[%clk 1:22:40]} 26. Rxb2 {[%clk
0:35:33]} Bxb2 {[%clk 1:23:06]} 27. Nxe6 {[%clk 0:35:51]} Bxc3 {[%clk 1:23:31]}
28. Kf2 {[%clk 0:35:45]} Kf7 {[%clk 1:20:56]} 29. Nf4 {[%clk 0:34:23]} Ba5 {[%clk
1:20:59]} 30. Kf3 {[%clk 0:33:01]} Bb4 {[%clk 1:19:39]} 31. e4 {[%clk 0:31:32]}
c3 {[%clk 1:17:41]} 1/2-1/2

[Event "U14 Polish Youth Championship"]
[Site "chess24.com"]
[Date "2018.05.03"]
[Round "6"]
[White "Oborski, Artur"]
[Black "Kania, Dominik"]
[Result "1/2-1/2"]
[Board "12"]
[WhiteElo "1921"]
[WhiteCountry "POL"]
[WhiteFideId "21844810"]
[WhiteEloChange "-4"]
[BlackElo "1758"]
[BlackCountry "POL"]
[BlackFideId "21845204"]
[BlackEloChange "4"]

1. e4 {[%clk 1:30:55]} Nf6 {[%clk 1:30:09]} 2. e5 {[%clk 1:31:16]} Nd5 {[%clk
1:30:32]} 3. d4 {[%clk 1:31:37]} d6 {[%clk 1:30:59]} 4. Nf3 {[%clk 1:31:53]} g6
{[%clk 1:30:49]} 5. Bc4 {[%clk 1:32:13]} Nb6 {[%clk 1:31:14]} 6. Bb3 {[%clk
1:32:32]} d5 {[%clk 1:30:25]} 7. O-O {[%clk 1:31:52]} Bg7 {[%clk 1:29:30]} 8. h3
{[%clk 1:31:02]} O-O {[%clk 1:28:05]} 9. c3 {[%clk 1:30:55]} Bf5 {[%clk 1:27:00]}
10. Qe2 {[%clk 1:24:01]} Nc6 {[%clk 1:23:58]} 11. Nbd2 {[%clk 1:14:57]} f6 {[%clk
1:19:31]} 12. a4 {[%clk 1:05:00]} Na5 {[%clk 1:00:01]} 13. Ba2 {[%clk 1:02:50]}
Nc6 {[%clk 0:56:54]} 14. Bb3 {[%clk 0:53:30]} a5 {[%clk 0:53:47]} 15. Re1 {[%clk
0:52:12]} fxe5 {[%clk 0:46:00]} 16. Nxe5 {[%clk 0:49:39]} Nxe5 {[%clk 0:46:08]}
17. dxe5 {[%clk 0:49:58]} Kh8 {[%clk 0:39:17]} 18. Nf3 {[%clk 0:44:23]} Nd7
{[%clk 0:31:25]} 19. Bxd5 {[%clk 0:35:54]} Nc5 {[%clk 0:27:09]} 20. Rd1 {[%clk
0:34:41]} Qe8 {[%clk 0:24:21]} 21. Be3 {[%clk 0:33:00]} Nxa4 {[%clk 0:21:42]} 22.
Bb3 {[%clk 0:27:30]} Nb6 {[%clk 0:21:06]} 23. Bxb6 {[%clk 0:27:03]} cxb6 {[%clk
0:21:30]} 24. Nd4 {[%clk 0:26:57]} Bd7 {[%clk 0:18:43]} 25. Be6 {[%clk 0:18:21]}
Rd8 {[%clk 0:14:08]} 26. Bxd7 {[%clk 0:15:56]} Qxd7 {[%clk 0:11:02]} 27. Nf3
{[%clk 0:14:57]} Qe6 {[%clk 0:10:24]} 28. Rxd8 {[%clk 0:10:03]} Rxd8 {[%clk
0:10:39]} 29. Rd1 {[%clk 0:10:20]} Rxd1+ {[%clk 0:08:40]} 30. Qxd1 {[%clk
0:10:45]} h6 {[%clk 0:08:51]} 31. Qd3 {[%clk 0:09:30]} g5 {[%clk 0:07:04]} 32. c4
{[%clk 0:08:29]} Kg8 {[%clk 0:05:43]} 33. b3 {[%clk 0:06:25]} Kf7 {[%clk
0:05:25]} 34. Qe4 {[%clk 0:05:26]} Qg6 {[%clk 0:03:13]} 35. Qd5+ {[%clk 0:03:34]}
Qe6 {[%clk 0:02:29]} 36. Qe4 {[%clk 0:03:46]} Qg6 {[%clk 0:02:53]} 37. Qxb7
{[%clk 0:03:19]} Qb1+ {[%clk 0:02:58]} 38. Kh2 {[%clk 0:03:45]} Qxb3 {[%clk
0:02:48]} 39. Qd5+ {[%clk 0:02:20]} Kg6 {[%clk 0:01:10]} 40. Qe6+ {[%clk
0:01:47]} Kh7 {[%clk 0:01:30]} 41. Qf5+ {[%clk 0:01:45]} Kh8 {[%clk 0:01:38]} 42.
Qc8+ {[%clk 0:01:19]} Kh7 {[%clk 0:02:05]} 43. Qf5+ {[%clk 0:01:03]} Kh8 {[%clk
0:02:30]} 1/2-1/2

[Event "U14 Polish Youth Championship"]
[Site "chess24.com"]
[Date "2018.05.03"]
[Round "6"]
[White "Skawinski, Szymon"]
[Black "Suder, Jakub"]
[Result "1/2-1/2"]
[Board "13"]
[WhiteElo "1399"]
[WhiteCountry "POL"]
[WhiteFideId "21802149"]
[WhiteEloChange "8"]
[BlackElo "1895"]
[BlackCountry "POL"]
[BlackFideId "1195310"]
[BlackEloChange "-8"]

1. e4 {[%clk 1:30:58]} c5 {[%clk 1:30:56]} 2. Nf3 {[%clk 1:31:16]} e6 {[%clk
1:31:15]} 3. c3 {[%clk 1:31:28]} d5 {[%clk 1:31:38]} 4. exd5 {[%clk 1:30:59]}
exd5 {[%clk 1:32:00]} 5. d4 {[%clk 1:30:57]} Nc6 {[%clk 1:32:21]} 6. Bb5 {[%clk
1:29:49]} Bd6 {[%clk 1:32:14]} 7. dxc5 {[%clk 1:28:15]} Bxc5 {[%clk 1:32:13]} 8.
O-O {[%clk 1:27:57]} Ne7 {[%clk 1:32:14]} 9. Bf4 {[%clk 1:26:34]} O-O {[%clk
1:29:42]} 10. Nbd2 {[%clk 1:22:12]} Ng6 {[%clk 1:24:46]} 11. Bg3 {[%clk 1:21:06]}
Qb6 {[%clk 1:22:55]} 12. Bxc6 {[%clk 1:17:40]} bxc6 {[%clk 1:22:53]} 13. Nb3
{[%clk 1:14:51]} Be7 {[%clk 1:22:38]} 14. Qd4 {[%clk 1:09:33]} Bf6 {[%clk
1:09:57]} 15. Qc5 {[%clk 1:01:34]} Qxc5 {[%clk 1:00:25]} 16. Nxc5 {[%clk
1:01:55]} Be7 {[%clk 1:00:18]} 17. Nb3 {[%clk 0:59:42]} Bd7 {[%clk 0:50:37]} 18.
Rfe1 {[%clk 0:56:32]} Rfe8 {[%clk 0:47:32]} 19. h3 {[%clk 0:48:35]} c5 {[%clk
0:43:21]} 20. Rad1 {[%clk 0:45:01]} Be6 {[%clk 0:43:03]} 21. Na5 {[%clk 0:38:58]}
Rac8 {[%clk 0:37:50]} 22. Rd2 {[%clk 0:34:48]} Red8 {[%clk 0:33:51]} 23. Red1
{[%clk 0:32:50]} f6 {[%clk 0:29:36]} 24. Ne1 {[%clk 0:25:12]} Kf7 {[%clk
0:22:20]} 25. Nc2 {[%clk 0:22:07]} f5 {[%clk 0:20:36]} 26. f3 {[%clk 0:19:22]}
Rd7 {[%clk 0:18:23]} 27. b4 {[%clk 0:16:35]} Bf6 {[%clk 0:17:14]} 28. c4 {[%clk
0:13:43]} cxb4 {[%clk 0:12:24]} 29. cxd5 {[%clk 0:12:11]} Rxd5 {[%clk 0:12:23]}
30. Rxd5 {[%clk 0:12:22]} Bxd5 {[%clk 0:12:46]} 31. Nxb4 {[%clk 0:12:07]} Be6
{[%clk 0:11:46]} 32. Nac6 {[%clk 0:11:54]} 1/2-1/2

[Event "U14 Polish Youth Championship"]
[Site "chess24.com"]
[Date "2018.05.03"]
[Round "6"]
[White "Koziorowicz, Michal"]
[Black "Iwaszkiewicz, Krzysztof"]
[Result "0-1"]
[Board "14"]
[WhiteElo "1860"]
[WhiteCountry "POL"]
[WhiteFideId "21809194"]
[WhiteEloChange "-17"]
[BlackElo "1530"]
[BlackCountry "POL"]
[BlackFideId "21810222"]
[BlackEloChange "17"]

1. e4 {[%clk 1:30:59]} c5 {[%clk 1:30:55]} 2. Nf3 {[%clk 1:31:19]} Nc6 {[%clk
1:31:21]} 3. d4 {[%clk 1:31:43]} cxd4 {[%clk 1:31:44]} 4. Nxd4 {[%clk 1:32:07]}
g6 {[%clk 1:32:08]} 5. Be3 {[%clk 1:32:27]} Nf6 {[%clk 1:32:32]} 6. Nc3 {[%clk
1:32:50]} Bg7 {[%clk 1:32:58]} 7. Bc4 {[%clk 1:33:12]} d6 {[%clk 1:33:23]} 8. f3
{[%clk 1:31:41]} Qb6 {[%clk 1:33:18]} 9. Nf5 {[%clk 1:31:58]} Qxb2 {[%clk
1:33:42]} 10. Nxg7+ {[%clk 1:32:21]} Kf8 {[%clk 1:34:08]} 11. Nd5 {[%clk
1:25:15]} Nxd5 {[%clk 1:33:41]} 12. Bxd5 {[%clk 1:25:23]} Kxg7 {[%clk 1:33:10]}
13. O-O {[%clk 1:21:11]} Qc3 {[%clk 1:32:56]} 14. Re1 {[%clk 1:16:23]} Rd8 {[%clk
1:24:18]} 15. Rb1 {[%clk 0:57:33]} Qa5 {[%clk 1:15:27]} 16. Qc1 {[%clk 0:54:12]}
f6 {[%clk 1:06:28]} 17. h4 {[%clk 0:47:37]} Qc7 {[%clk 0:52:05]} 18. h5 {[%clk
0:36:13]} e6 {[%clk 0:50:47]} 19. h6+ {[%clk 0:33:09]} Kf7 {[%clk 0:48:06]} 20.
Bb3 {[%clk 0:29:44]} d5 {[%clk 0:41:47]} 21. exd5 {[%clk 0:28:14]} exd5 {[%clk
0:41:23]} 22. Qb2 {[%clk 0:28:30]} Be6 {[%clk 0:37:40]} 23. Ba4 {[%clk 0:22:18]}
Rab8 {[%clk 0:32:29]} 24. Kh1 {[%clk 0:09:21]} d4 {[%clk 0:30:08]} 25. Bg1 {[%clk
0:09:28]} Rd5 {[%clk 0:30:23]} 26. g4 {[%clk 0:08:45]} Qf4 {[%clk 0:22:17]} 27.
Qa3 {[%clk 0:05:41]} Ne5 {[%clk 0:20:52]} 28. Bh2 {[%clk 0:05:31]} Qxh6 {[%clk
0:16:41]} 29. Rxe5 {[%clk 0:04:38]} fxe5 {[%clk 0:14:40]} 30. Bb3 {[%clk
0:05:07]} Qe3 {[%clk 0:13:58]} 31. Rf1 {[%clk 0:05:08]} Rdd8 {[%clk 0:14:02]} 32.
f4 {[%clk 0:04:42]} Bxb3 {[%clk 0:12:51]} 33. fxe5+ {[%clk 0:05:11]} Kg8 {[%clk
0:13:03]} 34. axb3 {[%clk 0:02:50]} Rf8 {[%clk 0:12:53]} 35. Rf6 {[%clk 0:02:44]}
Rxf6 {[%clk 0:11:57]} 36. exf6 {[%clk 0:03:13]} Qf3+ {[%clk 0:11:48]} 37. Kg1
{[%clk 0:03:37]} Re8 {[%clk 0:11:58]} 38. Qb4 {[%clk 0:03:30]} Qxg4+ {[%clk
0:11:25]} 39. Kf1 {[%clk 0:03:21]} Qe2+ {[%clk 0:11:49]} 40. Kg1 {[%clk 0:03:47]}
Qe1+ {[%clk 0:12:13]} 41. Qxe1 {[%clk 0:04:12]} Rxe1+ {[%clk 0:12:38]} 42. Kf2
{[%clk 0:04:20]} Re6 {[%clk 0:13:02]} 43. Kf3 {[%clk 0:04:41]} Kf7 {[%clk
0:13:05]} 44. Bg1 {[%clk 0:05:06]} Rxf6+ {[%clk 0:13:21]} 45. Ke4 {[%clk
0:05:34]} Rc6 {[%clk 0:13:41]} 46. Kd3 {[%clk 0:06:01]} Ke6 {[%clk 0:13:47]} 47.
Bh2 {[%clk 0:06:00]} a6 {[%clk 0:13:58]} 48. b4 {[%clk 0:06:20]} Rc3+ {[%clk
0:13:59]} 49. Kd2 {[%clk 0:06:44]} Rc4 {[%clk 0:14:25]} 50. Bg1 {[%clk 0:07:01]}
Rxb4 {[%clk 0:14:48]} 51. Kd3 {[%clk 0:07:25]} h5 {[%clk 0:15:02]} 52. c4 {[%clk
0:07:28]} dxc3 {[%clk 0:15:25]} 53. Kxc3 {[%clk 0:07:54]} Re4 {[%clk 0:15:32]}
54. Kd3 {[%clk 0:08:21]} Kf5 {[%clk 0:15:49]} 55. Be3 {[%clk 0:08:45]} Rxe3+
{[%clk 0:16:11]} 0-1

[Event "U14 Polish Youth Championship"]
[Site "chess24.com"]
[Date "2018.05.03"]
[Round "6"]
[White "Wolaniecki, Patryk"]
[Black "Bartoszewski-Reiski, Olaf"]
[Result "1-0"]
[Board "15"]
[WhiteElo "1762"]
[WhiteCountry "POL"]
[WhiteFideId "1193783"]
[WhiteEloChange "7"]
[BlackElo "1668"]
[BlackCountry "POL"]
[BlackFideId "21819351"]
[BlackEloChange "-7"]

1. e4 {[%clk 1:30:59]} c5 {[%clk 1:30:57]} 2. Nf3 {[%clk 1:31:26]} Nc6 {[%clk
1:31:22]} 3. d4 {[%clk 1:31:52]} cxd4 {[%clk 1:31:46]} 4. Nxd4 {[%clk 1:32:21]}
g6 {[%clk 1:31:57]} 5. c4 {[%clk 1:32:49]} Nf6 {[%clk 1:32:12]} 6. Nc3 {[%clk
1:33:14]} Nxd4 {[%clk 1:32:24]} 7. Qxd4 {[%clk 1:33:38]} d6 {[%clk 1:32:48]} 8.
Be3 {[%clk 1:34:01]} Bg7 {[%clk 1:33:07]} 9. Be2 {[%clk 1:34:25]} O-O {[%clk
1:33:28]} 10. Qd2 {[%clk 1:34:53]} Be6 {[%clk 1:33:19]} 11. O-O {[%clk 1:35:05]}
Qa5 {[%clk 1:32:24]} 12. Rfc1 {[%clk 1:34:55]} Rfc8 {[%clk 1:32:30]} 13. b3
{[%clk 1:30:18]} a6 {[%clk 1:31:22]} 14. Rab1 {[%clk 1:24:02]} b5 {[%clk
1:15:27]} 15. b4 {[%clk 1:23:59]} Qd8 {[%clk 1:15:30]} 16. cxb5 {[%clk 1:22:55]}
axb5 {[%clk 1:13:05]} 17. Bxb5 {[%clk 1:22:29]} Ng4 {[%clk 1:05:08]} 18. a4
{[%clk 1:16:56]} Nxe3 {[%clk 1:04:10]} 19. Qxe3 {[%clk 1:16:03]} Bc4 {[%clk
1:02:38]} 20. a5 {[%clk 1:00:45]} Bxb5 {[%clk 0:47:59]} 21. Nxb5 {[%clk 1:01:05]}
Qd7 {[%clk 0:48:21]} 22. Rxc8+ {[%clk 0:50:18]} Rxc8 {[%clk 0:48:24]} 23. Qb6
{[%clk 0:44:17]} Rc6 {[%clk 0:47:23]} 24. Qa7 {[%clk 0:44:36]} Qc8 {[%clk
0:45:38]} 25. g3 {[%clk 0:42:10]} Bf6 {[%clk 0:45:14]} 26. Qe3 {[%clk 0:39:04]}
Qb7 {[%clk 0:44:12]} 27. Qe2 {[%clk 0:37:56]} Rc8 {[%clk 0:43:05]} 28. Na3 {[%clk
0:29:44]} Rc3 {[%clk 0:41:53]} 29. a6 {[%clk 0:29:21]} Qa8 {[%clk 0:31:51]} 30.
b5 {[%clk 0:13:49]} Rxa3 {[%clk 0:30:56]} 31. b6 {[%clk 0:14:09]} Rc3 {[%clk
0:26:12]} 32. b7 {[%clk 0:14:34]} Ra3 {[%clk 0:25:17]} 33. Rc1 {[%clk 0:14:58]}
1-0

[Event "U14 Polish Youth Championship"]
[Site "chess24.com"]
[Date "2018.05.03"]
[Round "6"]
[White "Kacprzak, Karol"]
[Black "Kujawa, Krzysztof"]
[Result "1-0"]
[Board "16"]
[WhiteElo "1794"]
[WhiteCountry "POL"]
[WhiteFideId "21819327"]
[WhiteEloChange "5"]
[BlackElo "1595"]
[BlackCountry "POL"]
[BlackFideId "1194500"]
[BlackEloChange "-5"]

1. e4 {[%clk 1:30:53]} c6 {[%clk 1:30:49]} 2. d4 {[%clk 1:31:12]} d5 {[%clk
1:31:09]} 3. Nc3 {[%clk 1:30:07]} dxe4 {[%clk 1:31:11]} 4. Nxe4 {[%clk 1:30:28]}
Nf6 {[%clk 1:31:04]} 5. Ng3 {[%clk 1:30:51]} e6 {[%clk 1:22:26]} 6. Nf3 {[%clk
1:30:33]} c5 {[%clk 1:22:34]} 7. Bd3 {[%clk 1:24:37]} Nc6 {[%clk 1:20:29]} 8.
dxc5 {[%clk 1:23:47]} Bxc5 {[%clk 1:19:53]} 9. O-O {[%clk 1:21:54]} O-O {[%clk
1:15:25]} 10. a3 {[%clk 1:19:13]} Bd7 {[%clk 1:12:30]} 11. b4 {[%clk 1:17:36]}
Bb6 {[%clk 1:09:42]} 12. Bb2 {[%clk 1:18:01]} Nd5 {[%clk 0:59:35]} 13. Qd2 {[%clk
1:15:36]} Bc7 {[%clk 0:52:19]} 14. Nh5 {[%clk 1:13:57]} f6 {[%clk 0:50:59]} 15.
c4 {[%clk 1:12:39]} Nb6 {[%clk 0:50:20]} 16. Rad1 {[%clk 1:11:59]} Qe8 {[%clk
0:46:40]} 17. Ng3 {[%clk 1:07:22]} Rd8 {[%clk 0:45:59]} 18. Qc2 {[%clk 1:07:07]}
g6 {[%clk 0:45:47]} 19. Bc3 {[%clk 1:06:07]} Ne7 {[%clk 0:43:40]} 20. b5 {[%clk
1:03:14]} a6 {[%clk 0:35:05]} 21. a4 {[%clk 1:02:29]} axb5 {[%clk 0:34:25]} 22.
axb5 {[%clk 1:02:25]} Rc8 {[%clk 0:30:42]} 23. Qb3 {[%clk 0:59:32]} Bxg3 {[%clk
0:23:12]} 24. hxg3 {[%clk 0:57:57]} Kh8 {[%clk 0:22:52]} 25. Rfe1 {[%clk
0:56:10]} e5 {[%clk 0:21:53]} 26. Nxe5 {[%clk 0:42:21]} fxe5 {[%clk 0:19:26]} 27.
Rxe5 {[%clk 0:42:44]} Kg8 {[%clk 0:19:25]} 28. Rde1 {[%clk 0:43:08]} Qf7 {[%clk
0:10:27]} 29. Rxe7 {[%clk 0:41:31]} Qxf2+ {[%clk 0:10:50]} 30. Kh2 {[%clk
0:41:54]} Rf3 {[%clk 0:08:13]} 31. c5+ {[%clk 0:32:45]} 1-0